000 00304nam a22001337a 4500
020 _a9789356349049
082 _a425
_bOSW/E
245 _aCLASS X ENGLISH LANGUAGE & LITERATURE
250 _a19
260 _aAGRA
_bOSWALL BOOKS
300 _a335
650 _aQUESTION BANK - ENGLISH
_zDELHI
942 _cBK
999 _c6884
_d6884